| 000 | 00702nam a2200217 a 4500 | ||
|---|---|---|---|
| 001 | 000012373 | ||
| 005 | 20200929163020.0 | ||
| 008 | 091111s1993 sp 001 f spa d | ||
| 020 | _a8474612195 | ||
| 040 |
_aDO-SdBNP _bspa _cBNPHU |
||
| 082 |
_a891.6242 _bW671r |
||
| 100 | 1 |
_aWilde, Óscar, _d1854-1900. _912822 |
|
| 245 | 1 | 3 |
_aEl retrato de Dorian Gray / _cÓscar Wilde. |
| 260 |
_aMadrid : _bClub Internacional del Libro, _c[1993?]. |
||
| 300 |
_a223 p. ; _c19 cm. |
||
| 490 | 1 | _aGrandes Genios de la Literatura Universal | |
| 650 | 4 |
_aNovela irlandesa _911511 |
|
| 650 | 4 |
_aLiteratura irlandesa _ySIGLO XIX _929071 |
|
| 830 | 0 |
_aGrandes Genios de la Literatura Universal. _97077 |
|
| 049 | _aBNGR | ||
| 999 |
_c12030 _d12030 |
||